000 00264nam a22001217a 4500
003 SGT
082 _a340,ICR
100 _aICRC
245 _aTHE FUNDAMENTAL PRINCIPLES OF THE RED CROSS AND CRESCENT
260 _aNEW DELHI
_bICRC
300 _a34
942 _2ddc
_cBK
999 _c11082
_d11082